| 000 | 00445nam a22001697a 4500 | ||
|---|---|---|---|
| 003 | OSt | ||
| 005 | 20260304070551.0 | ||
| 008 | 260304b |||||||| |||| 00| 0 eng d | ||
| 020 | _a9781668021910 | ||
| 040 |
_aDWCL - Main Lib. _cOC |
||
| 082 | _aF H776h 2020 | ||
| 100 | _aHoover, Colleen | ||
| 245 |
_aHeart bones / _cColleen Hoover |
||
| 260 |
_aNew York : _bSimon & Schuste, _cc2020. |
||
| 300 |
_a353 pages ; _c21cm. |
||
| 942 |
_2ddc _cFIC. _n0 |
||
| 999 |
_c8622 _d8622 |
||